00486nam a2200169 450000500170000001000150001702000260003203500140005803700090007208200110008110000170009224500590010925000060016826000580017427000590023230000250029120241028142712.0 aENG-142487 c450.00a9788173717314 aEN-126019 bDBAD a42521 aUpendran, S. aKnow Your English:bGrammer and Usage/cBy S. Upendran a1 aHyderabadbUniversities Press (India) Pvt. Ltd.c2017 a3-6-747/A & 3-6-754/1, HimayatnagarbHyderabade500029 axxxi,409p.c18cm(pb)